Dzwon Erdmanna II von Promnitz
| Titel: | Dzwon Erdmanna II von Promnitz : Kościół garnizonowy w Żarach |
|---|---|
| Verfasser: | |
| In: |
Kronika Ziemi Żarskiej, Band 8, Heft 1 (2004), Seite 107-108 alle Artikel anzeigen |
| Veröffentlicht: | 2004 |
| Format: | Aufsatz |
| Sprache: | Polnisch |
X
alg: 39405814 001A $01999:12-11-16 001B $03025:30-10-25 $t10:24:49.000 001D $01999:12-11-16 001U $0utf8 001X $00 002@ $0Aox 003@ $0394058143 007A $0394058143 $aHEB 007T $0Herdk85614 010@ $apol 011@ $a2004 021A $aDzwon Erdmanna II von Promnitz $dKościół garnizonowy w Żarach 028A $aMarkulak $dZbigniew 031A $d8 $e1 $h107-108 $j2004 037A $aOdlany w 1729 r.039B $aIn $8--Abvc--. Kronika Ziemi Żarskiej. - Żary : Dom Wydawn. Soravia, 1999-2009. - ISSN 1427-5457 $x200400000080001893 $9084652403 044K $RSorau $#Sorau $74333557-3 $8Żary [Tg1] $9088106330 044K $RChristine Johanna Ämilie $RPromnitz, Johann Erdmann $RAgnes Sophie $#Erdmann II. $#Promnitz, Erdmann von $7121773205 $8Promnitz, Erdmann$cvon$Z1683-1745 [Tp1] $9125699298 045F $a307.09438 $eDDC23BSB 045F/01 $a307.09 045F/03 $g438 045R $aGeschichte 1729 045T $a7,41 lok: 39405814 78 exp: 39405814 78 1 #EPN 201B/01 $009-06-21 $t22:45:03.000 201U/01 $0utf8 203@/01 $0790168669 208@/01 $a12-11-16 $be 209A/01 $a/ $f000 $x00 220C/01 $aTitelaufnehmer: pbb 220C/01 $aHerkunft: PBB/IH PAN 244Z/01 $2Trx $#Poola $#Lenkija $#Polija $#Polen Land $#Poland $#Lengyelország $#Poľsko $#Polsko $8--Trx--Polska$gkraj $x01 $9391345966 244Z/01 $#Sorau $74333557-3 $8--Tg1--Żary $x02 $9088106330 244Z/01 $aGeschichte 1729 $x03 244Z/01 $#Erdmann II. $#Promnitz, Erdmann von $7121773205 $8--Tp1--Promnitz, Erdmann$cvon$Z1683-1745 $x04 $9125699298 244Z/01 $2Trx $#kellad $#varpai $#Bells $#harangok $#dzwony $#zvony $#zvony $#Kirchenglocken $#zvony kostolné $#zvony kostelní $8--Trx--Glocken $x05 $9391354787 244Z/01 $2Trx $8--Trx--Zeitschriftenaufsatz $x06 $9391384341 245Z/01 $a13.03 $x01 245Z/01 $a11.02 $x02 247C/01 $82080>Marburg/Lahn, Herder-Institut, Forschungsbibliothek, Bibliographieportal $9336309341
| LEADER | 00000caa a22000002c 4500 | ||
|---|---|---|---|
| 001 | 394058143 | ||
| 003 | DE-603 | ||
| 005 | 20251030102449.0 | ||
| 007 | tu | ||
| 008 | 161112s2004 xx |||| | u00||u|pol c | ||
| 035 | |a (DE-599)HEB394058143 | ||
| 040 | |a DE-603 |b ger |c DE-603 |d DE-603 | ||
| 041 | |a pol | ||
| 082 | 0 | 4 | |8 1\u |a 307.09438 |q DE-101 |2 23/BSB |
| 084 | |a 7,41 |2 ssgn | ||
| 085 | |8 1\u |b 307.09 | ||
| 085 | |8 1\u |z 2 |s 438 | ||
| 100 | 1 | |a Markulak, Zbigniew | |
| 245 | 0 | 0 | |a Dzwon Erdmanna II von Promnitz |b Kościół garnizonowy w Żarach |
| 264 | 0 | |c 2004 | |
| 500 | |a Odlany w 1729 r. <pol> | ||
| 600 | 1 | 7 | |a Promnitz, Erdmann von |d 1683-1745 |0 (DE-588)121773205 |0 (DE-603)125699298 |2 gnd |
| 648 | 7 | |a Geschichte 1729 |2 gnd | |
| 651 | 7 | |a Żary |0 (DE-588)4333557-3 |0 (DE-603)088106330 |2 gnd | |
| 773 | 0 | 8 | |i In |t Kronika Ziemi Żarskiej |d Żary : Dom Wydawn. Soravia, 1999-2009 |x 1427-5457 |g Band 8, Heft 1 (2004), Seite 107-108 |w (DE-603)084652403 |w (DE-600)1500849-6 |
| 924 | 0 | |9 2080 |a (DE-603)790168669 |b DE-2080 |c HES |d d |g / | |


